000 00475nam a22001697a 4500
005 20240918133933.0
008 240918b |||||||| |||| 00| 0 eng d
020 _a9789994559626
041 _aEnglish
082 _a342 NAM
100 _lEnglish
245 _aAdministrative Law Guide for Political Leaders /
_cS Namandje
250 _aFirst Edition
300 _b164 pages;
_c25 cm.
650 _aLegal practice
_bLaw
942 _cBK
_6ALISON_BN_VRIES
999 _c3046
_d3046